WNBA Teams - Sudden Death - Statistics

General Stats
  • This quiz has been taken 1,773 times
  • The average score is 9 of 13
Answers on the Grid
Answers color-coded by a green-red scale on the quiz's grid according to % correct below.
Connecticut Sun
Houston Comets
Minnesota Lynx
New York Liberty
San Antonio Spurs
Los Angeles Sparks
Indiana Fever
Iowa Hawkeyes
South Carolina Gamecocks
Las Vegas Aces
Savannah Bananas
Phoenix Mercury
Portland Fire
Toronto Blue Jays
Seattle Storm
Arizona Sun Devils
Pittsburgh Senators
Golden State Valkyries
Boston Terriers
Dallas Wings
Memphis Soul
Chicago Sky
Tulsa Shock
Atlanta Dream
Utah Jazz
Philadelphia Belles
Washington Mystics
Orlando Miracle
Sacramento Monarchs
San Francisco Embers
 
Answer Stats
Answer % Correct
New York Liberty
84%
Indiana Fever
81%
Minnesota Lynx
79%
Connecticut Sun
77%
Los Angeles Sparks
76%
Las Vegas Aces
74%
Phoenix Mercury
71%
Seattle Storm
65%
Chicago Sky
61%
Washington Mystics
58%
Atlanta Dream
56%
Dallas Wings
56%
Golden State Valkyries
52%
No matching quizzes found
Score Distribution
Percent of People with Each Score
Percentile by Number Answered
Your Score History
You have not taken this quiz